000 00683nam a22001815i 4500
001 159885
003 ES-MaACL
005 20250918063040.0
008 041110s1835 fr a |||| | fre d
040 _aCAM
_bspa
_cCAM
100 1 _aMolière,
_d1622-1673
_981873
245 1 0 _aOeuvres de Molière /
_cavec des notes de divers commentateurs.
260 _aParis :
_bChez Furne, Libraire-éditeur,
_c1835 (
_fImprimerie et fonderie d'Éverat)
300 _aXXXI, 701 p., [15] h. de lám. ;
_c26 cm.
599 _aLas h. de lám. hacen referencia a las obras.
852 _aES-MaACL
_jC-1739
_z-- Enc. hol. con puntas
_z-- Legado M. de La Fuente
999 _c159885
_d159885